| 000 | 01012cab a22001935a 4500 | ||
|---|---|---|---|
| 001 | L148578 | ||
| 008 | 091005s2009 xxka f 000 0 eng d | ||
| 035 | _a(Sirsi) u148578 | ||
| 041 | 0 | _aeng | |
| 100 | 1 | _aPuybaraud, Marie | |
| 245 | 0 | 4 |
_aThe smart office of 2030 _ba hive of activity |
| 260 | _c2009 | ||
| 490 | 0 |
_aFacilities Management _v16(12) September 2009, 16-18(3) |
|
| 520 | _aThe workplace of the future is revealed in 'The Smart Workplace in 2030', a new report from Johnson Controls Global Workplace Innovation (summary at www.johnsoncontrols.com). Argues that technology is the strongest force driving the future workplace and based on this premise predicts what that workplace will be like and how it will look. Presents three key scenarios: the hive, the eco-office and Gattaca. The research suggests that the hive and eco-office concepts will have the biggest impact. | ||
| 590 | _aKA | ||
| 651 | 4 | _aInternational | |
| 690 | _aMANAGEMENT-FACILITIES MANAGEMENT-SPACE PLANNING | ||
| 942 | _n0 | ||
| 999 |
_c81889 _d81889 |
||